First Countries with a Country Code Top-Level Domain - Statistics

General Stats
  • This quiz has been taken 44 times
  • The average score is 12 of 15
Answer Stats
Year Country % Correct
1987 Canada
100%
1986 France
100%
1985 United Kingdom
100%
1985 United States
100%
1986 Germany
97%
1986 Australia
92%
1986 Japan
92%
1986 Netherlands
85%
1987 New Zealand
85%
1986 South Korea
82%
1986 Sweden
79%
1987 Switzerland
72%
1986 Finland
62%
1986 Iceland
54%
1985 Israel
38%
No matching quizzes found
Score Distribution
Percent of People with Each Score
Percentile by Number Answered
Your Score History
You have not taken this quiz